000 00773nam a2200241Ia 4500
003 OSt
005 20220918175058.0
006 a|||||r|||| 00| 0
007 ta
008 220917b |||||||| |||| 00| 0 eng d
024 _a15,603
037 _cTextual
040 _aARTS
_cARTS
_beng
041 _2eng
_aeng
082 _aNA4413,D8(Q2), N5 (P15)
100 _aFilliozat Vasundhara
_952819
245 0 _aTemple of Mukesvara at Cudadanapura
_b a little known 12th - 13th Century temple in Dharwar District Karnataka
260 _aNew Delhi
_bIndra Gandhi National Centre for the art
_c1995
300 _ax,191p. 44 maps
_ccm.
650 _aARTS
942 _hNA4413,D8(Q2), N5 (P15)
_cTEXL
_2CC
999 _c156001
_d156001